000 00778nam a2200217 i 4500
001 68127
003 ES-MaACL
005 20250804074808.0
007 t|
008 040610s1968 sp ||||1| spa d
100 1 _aGaragorri, Paulino,
_d1916-2007
_953911
245 1 0 _aUnamuno, Ortega, Zubiri en la filosofía española /
_cPaulino Garagorri.
260 _aMadrid :
_bPlenitud,
_c1968.
300 _a259 p. ;
_c21 cm.
600 1 4 _aUnamuno, Miguel de,
_d1864-1936-
_xFilosofía
_9111985
600 1 4 _aOrtega y Gasset, José,
_d1883-1955-
_xCrítica e interpretación
_987505
600 1 4 _aZubiri, Xavier,
_d1898-1983-
_xCrítica e interpretación
_9118407
650 7 _aFilosofía-
_zEspaña-
_yS.XX
_2
_9143004
852 _aES-MaACL
_jC-34640
999 _c68127
_d68127